[Event "57.SMM CSK Merania-Deutschnofen/Alp"]
[Site "?"]
[Date "2025.12.13"]
[Round "4.6"]
[White "Wild, Alex"]
[Black "Gibitz, Othmar"]
[Result "1/2-1/2"]
[WhiteElo "1763"]
[BlackElo "1727"]
[PlyCount "61"]
[EventDate "2025.11.15"]
[SourceVersionDate "2024.11.03"]

{[%evp 0,61,26,20,20,13,8,24,2,11,6,-25,34,70,33,16,35,14,-33,-35,-37,-44,-29,-66,-42,-38,-17,-26,-12,-24,-18,-31,7,6,-2,13,19,18,28,20,20,0,0,0,0,-3,14,9,9,-38,-92,-78,-74,-326,-352,-352,-320,-352,-370,-346,-313,-359,-409,-476]} 1. e4 e5 2. Nf3 Nc6 3. Bc4 Bc5 4. O-O Nf6 5. c3 d6 6. d4 exd4 7. cxd4 Bb6 8. Bg5 h6 9. Bh4 Bg4 10. d5 Ne5 11. Qa4+ Bd7 12. Qb3 Ng6 13. Bg3 O-O 14. Nbd2 Nh5 15. Bd3 Nxg3 16. hxg3 f6 17. Nc4 Ne5 18. Nfxe5 fxe5 19. Nxb6 axb6 20. f4 exf4 21. gxf4 Qh4 22. f5 Kh8 23. Qc3 c6 24. Qb4 cxd5 25. Qxd6 Bc6 26. e5 Qd4+ 27. Kh2 Qxd3 28. Rf3 Qe4 29. f6 gxf6 30. Raf1 Rad8 31. Qe7 1/2-1/2

[Event "57.SMM Kaltern/Tramin-ASD Arci BZ 2"]
[Site "?"]
[Date "2025.12.13"]
[Round "4.1"]
[White "Bodrov, Timofey"]
[Black "Lezzerini, Marco"]
[Result "1/2-1/2"]
[WhiteElo "2110"]
[BlackElo "2071"]
[PlyCount "38"]
[EventDate "2025.??.??"]
[SourceVersionDate "2025.11.16"]

{[%evp 0,38,19,31,34,19,13,-6,45,23,31,-3,12,-38,-38,-86,-81,-55,3,-7,-1,7,26,29,21,-22,21,-13,-7,-40,-33,-83,-47,-83,-90,-71,-46,-86,-66,-73,-50]} 1. e4 e5 2. Nf3 Nf6 3. Nxe5 d6 4. Nf3 Nxe4 5. c4 Nc6 6. d4 d5 7. Bd3 Bb4+ 8. Kf1 Be7 9. Nc3 Nxc3 10. bxc3 dxc4 11. Bxc4 O-O 12. Be3 Bd6 13. a4 Bf5 14. Ke2 Qf6 15. h3 Be4 16. Ng5 Bg6 17. Nf3 Be4 18. Ng5 Bg6 19. Nf3 Be4 1/2-1/2

[Event "57.SMM Kaltern/Tramin-ASD Arci BZ 2"]
[Site "Tramin - Arci 2"]
[Date "2025.12.13"]
[Round "4.2"]
[White "Panjkovic, Aleksandar"]
[Black "Terletskyi, Oleh Mykola"]
[Result "1/2-1/2"]
[WhiteElo "2057"]
[BlackElo "1913"]
[PlyCount "59"]
[EventDate "2025.12.13"]

1. Nf3 Nf6 2. d4 g6 3. Bg5 Bg7 4. Nbd2 d6 5. c3 Nbd7 6. e4 e5 7. dxe5 Nxe5 8. Nxe5 dxe5 9. Bc4 h6 10. Be3 Qe7 11. b4 b6 12. f3 O-O 13. O-O Be6 14. Qb3 Rfe8 15. Bxe6 Qxe6 16. Qxe6 Rxe6 17. Nc4 Ne8 18. Nb2 Nd6 19. a4 f5 20. exf5 Nxf5 21. Bf2 e4 22. fxe4 Nd6 23. Rac1 Rxe4 24. Rfe1 Rae8 25. Rxe4 Rxe4 26. Kf1 a5 27. bxa5 bxa5 28. Bd4 Nf5 29. Bxg7 Kxg7 30. Kf2 1/2-1/2

[Event "57.SMM Kaltern/Tramin-ASD Arci BZ 2"]
[Site "Tramin"]
[Date "2025.12.13"]
[Round "4.3"]
[White "Addante, Francesco"]
[Black "Maier, Fridolin"]
[Result "1-0"]
[WhiteElo "1874"]
[BlackElo "1905"]
[PlyCount "39"]
[EventDate "2025.??.??"]

{[%evp 0,39,30,28,67,65,68,47,53,58,57,56,38,25,36,36,88,70,66,24,120,102,117,133,133,146,140,123,142,141,144,133,432,430,711,720,725,748,1059,1216,1592,1749]} 1. Nf3 b6 2. e4 Bb7 3. Nc3 e6 4. d4 Bb4 5. Bd3 Nf6 6. Nd2 c5 7. dxc5 Bxc3 8. bxc3 Qc7 9. O-O Qxc5 10. Nc4 O-O 11. Ba3 Qc6 12. Bxf8 Kxf8 13. Re1 d5 14. exd5 Nxd5 15. Ne5 Qxc3 16. Qh5 g6 17. Qxh7 Qc7 18. Bxg6 Nf4 19. Qh6+ Kg8 20. Bxf7+ 1-0

[Event "57.SMM Kaltern/Tramin-ASD Arci BZ 2"]
[Site "Tramin, Altes Doktorhaus"]
[Date "2025.12.13"]
[Round "4.4"]
[White "Dibiasi, Rainer"]
[Black "Reyna, Hernandez Sandor"]
[Result "0-1"]
[WhiteElo "1875"]
[BlackElo "1905"]
[PlyCount "68"]
[EventDate "2025.??.??"]

{[%evp 0,68,28,13,18,-32,-24,-10,-11,-11,4,0,17,-31,42,-8,-12,-39,-34,-21,-12,-13,-17,-7,-6,-26,29,-7,22,-20,-18,-11,21,28,16,16,0,-33,-19,-19,-13,-42,-72,-48,-21,-54,-50,-74,-115,-139,-121,-101,-82,-125,-137,-212,-207,-260,-254,-222,-239,-425,-429,-523,-514,-535,-612,-864,-958,-1015,-652]} 1. Nf3 Nf6 2. g3 d5 3. Bg2 Bf5 4. O-O e6 5. d3 Be7 6. c4 O-O 7. cxd5 exd5 8. Nh4 Be6 9. Nd2 Nbd7 10. b3 c5 11. Bb2 Qb6 12. e4 dxe4 13. Nxe4 Nxe4 14. Bxe4 f5 15. Bg2 Bxh4 16. gxh4 Nf6 17. Qf3 Bd5 18. Qg3 Bxg2 19. Qxg2 Rad8 20. Rfd1 Rd7 21. Qg5 Nd5 22. Be5 h6 23. Qg2 Qd8 24. d4 Nc3 25. Rd3 cxd4 26. Kh1 Rff7 27. Qg3 Ne4 28. Qf4 Rd5 29. Rad1 Rxe5 30. Rxd4 Qf6 31. Rg1 Re8 32. Rd3 Qc6 33. Kg2 Nc5+ 34. Rf3 Nd3 0-1

[Event "57.SMM Kaltern/Tramin-ASD Arci BZ 2"]
[Site "?"]
[Date "2025.12.13"]
[Round "4.5"]
[White "Puechler, Ruben"]
[Black "Thaler, Elmar"]
[Result "0-1"]
[WhiteElo "1842"]
[BlackElo "1869"]
[PlyCount "66"]
[EventDate "2025.12.13"]

{[%evp 0,66,25,28,65,78,78,38,69,65,110,98,100,80,92,88,89,62,57,77,57,48,60,61,124,111,78,72,89,86,119,120,95,22,22,29,83,41,26,13,39,39,39,40,39,39,64,21,15,1,9,-73,-39,-29,-29,-84,-84,-57,-54,-53,-24,-71,-95,-56,-87,-107,-126,-274,-282]} 1. e4 c6 2. Nf3 d5 3. Nc3 e6 4. d4 Ne7 5. Bd3 Nd7 6. Be3 dxe4 7. Nxe4 Nd5 8. O-O Nxe3 9. fxe3 Be7 10. Qe1 f5 11. Ned2 Nf6 12. e4 O-O 13. c3 c5 14. exf5 cxd4 15. Nxd4 exf5 16. Bc4+ Kh8 17. Rd1 Re8 18. Kh1 Bc5 19. Qh4 Ng4 20. Qxd8 Rxd8 21. N2b3 Bb6 22. Rde1 g6 23. h3 Nf6 24. Re7 Bd7 25. Ne6 Re8 26. Rxe8+ Rxe8 27. Ng5 Kg7 28. Nd4 Bxd4 29. cxd4 Bc6 30. Rd1 Nd5 31. Rc1 Ne3 32. Ne6+ Kh6 33. Nf4 Re4 0-1

[Event "57.SMM Klausen-J.Richter/Lask BZ"]
[Site "?"]
[Date "2025.12.13"]
[Round "4.2"]
[White "Seebacher, Michael"]
[Black "Unterweger, Jonas"]
[Result "1/2-1/2"]
[WhiteElo "2110"]
[BlackElo "2037"]
[PlyCount "37"]
[EventDate "2025.11.08"]

{[%evp 0,37,19,31,19,14,26,32,34,-8,14,23,7,7,4,-13,-13,16,13,27,40,10,31,-7,-3,0,-7,0,0,0,0,0,0,0,0,0,0,0,0,0]} 1. d4 d5 2. Bf4 Nf6 3. e3 e6 4. Bd3 c5 5. c3 Bd6 6. Bg3 O-O 7. Nf3 Nc6 8. Nbd2 Qe7 9. Ne5 Nd7 10. Nxd7 Qxd7 11. Bxd6 Qxd6 12. dxc5 Qxc5 13. Bxh7+ Kxh7 14. Qh5+ Kg8 15. Ne4 g6 16. Qg5 Qe7 17. Nf6+ Kg7 18. Nh5+ Kg8 19. Nf6+ 1/2-1/2

[Event "57.SMM Klausen-J.Richter/Lask BZ"]
[Site "?"]
[Date "2025.12.13"]
[Round "4.3"]
[White "Moncher, Stefano"]
[Black "Seebacher, Reinhard"]
[Result "1-0"]
[WhiteElo "2126"]
[BlackElo "1927"]
[PlyCount "63"]
[EventDate "2025.11.08"]

{[%evp 0,63,26,28,69,56,69,39,40,32,32,28,31,25,37,29,35,35,39,22,22,26,76,27,65,59,87,55,80,78,80,83,61,62,62,47,47,66,104,123,131,87,87,91,183,116,84,89,193,218,251,287,770,896,917,155,471,495,500,519,514,523,530,548,541,568]} 1. e4 c6 2. d4 d5 3. exd5 cxd5 4. Bd3 Nc6 5. c3 Nf6 6. Bf4 Bg4 7. Qb3 Qd7 8. Nd2 e6 9. Ngf3 Bxf3 10. Nxf3 a6 11. O-O Nh5 12. Ne5 Nxe5 13. Bxe5 Be7 14. Qd1 Nf6 15. Re1 O-O 16. Re3 g6 17. Qf3 Ne8 18. Rae1 Nd6 19. Qh3 f5 20. Bxd6 Bxd6 21. Rxe6 b5 22. g4 fxg4 23. Qxg4 Qf7 24. R1e2 Rfd8 25. Bxg6 hxg6 26. Rxg6+ Kf8 27. Re3 Bxh2+ 28. Kg2 Rd6 29. Rxd6 Bxd6 30. Rf3 Qxf3+ 31. Qxf3+ Ke7 32. Qxd5 1-0

[Event "57.SMM Klausen-J.Richter/Lask BZ"]
[Site "?"]
[Date "2025.12.13"]
[Round "4.4"]
[White "Schrott, Johann"]
[Black "Bevilacqua, Maurizio"]
[Result "0-1"]
[WhiteElo "1888"]
[BlackElo "2065"]
[PlyCount "56"]
[EventDate "2025.11.08"]

{[%evp 0,56,30,30,53,51,56,26,32,46,79,80,82,66,68,50,56,41,44,28,78,0,12,18,23,51,71,32,22,19,0,0,0,-1,-31,-24,59,44,129,44,57,57,61,-47,9,58,51,42,54,-20,-9,-43,-150,-168,-68,-214,-137,-156,-150]} 1. e4 c5 2. Nf3 e6 3. d4 cxd4 4. Nxd4 a6 5. Nc3 Qc7 6. Be3 Nf6 7. Bd3 Nc6 8. O-O Bd6 9. h3 Be5 10. Nde2 d5 11. exd5 exd5 12. Bg5 d4 13. Ne4 Nxe4 14. Bxe4 O-O 15. f4 Bd6 16. Kh1 h6 17. Bh4 Be6 18. Nxd4 Bc4 19. Rf3 Rfe8 20. Bxc6 bxc6 21. Qd2 Re4 22. Qc3 Bd5 23. Nf5 Bf8 24. Rg3 g6 25. Qf6 Re6 26. Qd4 Rae8 27. c4 Re4 28. Qf6 R8e6 0-1

[Event "57.SMM Klausen-J.Richter/Lask BZ"]
[Site "?"]
[Date "2025.12.13"]
[Round "4.5"]
[White "Billio, Atto"]
[Black "Senn, Stefan"]
[Result "1-0"]
[WhiteElo "2029"]
[BlackElo "1650"]
[PlyCount "61"]
[EventDate "2025.11.08"]

{[%evp 0,61,36,-15,-23,-28,-12,-19,-8,-41,13,-6,22,-9,-2,1,16,-12,16,0,88,66,103,29,100,76,72,72,127,112,105,105,134,152,153,144,132,152,168,128,128,107,101,90,97,66,66,34,85,103,83,71,56,186,193,196,196,282,447,447,456,471,480,514]} 1. f4 d5 2. Nf3 g6 3. e3 Bg7 4. c4 c6 5. Qb3 Qb6 6. Qxb6 axb6 7. cxd5 cxd5 8. Nc3 e6 9. Nb5 Kd7 10. Be2 Na6 11. a3 Ne7 12. O-O Nc6 13. d4 Nc7 14. Ne5+ Bxe5 15. fxe5 Nxb5 16. Bxb5 Ke7 17. Bd2 Bd7 18. Bd3 Rhc8 19. Rf3 Be8 20. Raf1 Kf8 21. Be1 Rc7 22. Rh3 Kg8 23. Bh4 Ne7 24. Bf6 Rac8 25. Rff3 Rc1+ 26. Kf2 Nf5 27. g4 Ng7 28. Rh6 R8c2+ 29. Bxc2 Rxc2+ 30. Ke1 Nh5 31. Rh3 1-0

[Event "57.SMM B Taufers-J.Richter/Lask BZ 2"]
[Site "?"]
[Date "2025.12.13"]
[Round "4.1"]
[White "Kowalczyk, Martin"]
[Black "Niederkofler, Andreas"]
[Result "1/2-1/2"]
[WhiteElo "1857"]
[BlackElo "1882"]
[PlyCount "68"]
[EventDate "2025.??.??"]

{[%evp 0,68,19,31,40,41,41,48,49,47,57,46,37,18,32,34,34,-9,44,49,61,23,43,40,46,52,58,51,62,50,50,62,57,30,36,58,118,74,74,59,61,93,76,65,75,71,70,70,59,44,109,-12,-12,-12,-4,-3,-9,8,-3,6,-8,-11,-7,-13,-8,-3,-7,-16,-8,-22,-24]} 1. e4 c5 2. Nf3 e6 3. b3 a6 4. Bb2 d6 5. Be2 Nf6 6. e5 dxe5 7. Nxe5 Nbd7 8. O-O Bd6 9. Nc4 Bb8 10. Bf3 Qc7 11. g3 Ra7 12. Re1 b5 13. Ne5 Bb7 14. Nxd7 Qxd7 15. Bxb7 Qxb7 16. d4 Bd6 17. Nd2 h5 18. dxc5 Bxc5 19. Bxf6 gxf6 20. Ne4 Be7 21. Nd6+ Bxd6 22. Qxd6 Qc7 23. Qd4 Qe7 24. Rad1 h4 25. Re4 hxg3 26. hxg3 Rd7 27. Qxd7+ Qxd7 28. Rxd7 Kxd7 29. c4 Kc6 30. cxb5+ axb5 31. a4 bxa4 32. bxa4 Ra8 33. Rc4+ Kd5 34. Rc7 Rxa4 1/2-1/2

[Event "57.SMM B Taufers-J.Richter/Lask BZ 2"]
[Site "?"]
[Date "2025.12.13"]
[Round "4.2"]
[White "Forer, Erich"]
[Black "Mumelter, Erwin"]
[Result "1-0"]
[WhiteElo "1875"]
[BlackElo "1744"]
[PlyCount "73"]
[EventDate "2025.??.??"]
[SourceVersionDate "2025.12.14"]

{[%evp 0,73,35,26,63,48,41,52,30,26,28,49,40,21,22,22,12,19,41,15,15,8,64,60,103,7,-7,-6,-21,-42,-29,-20,-22,-43,-39,-49,-8,-69,57,-32,53,79,95,115,58,-102,233,177,190,148,200,211,404,386,468,318,309,308,313,231,319,262,249,249,326,327,355,149,183,181,387,400,402,402,611,415]} 1. d4 f5 2. c4 Nf6 3. Nc3 e6 4. Bg5 Be7 5. e3 b6 6. Be2 Bb7 7. Nf3 O-O 8. O-O Kh8 9. Ne5 d6 10. Bf3 c6 11. Nd3 Qc7 12. Bh4 e5 13. Be2 Ne4 14. Bg3 Nxg3 15. hxg3 Nd7 16. Qc2 Rac8 17. Rac1 Rf6 18. g4 Rh6 19. f4 e4 20. Nf2 g5 21. Nh3 gxf4 22. g5 Bxg5 23. Nxg5 Rg6 24. exf4 h6 25. Bh5 Rcg8 26. Bxg6 Rxg6 27. Nh3 Nf6 28. Qf2 Qg7 29. Qd2 Ng4 30. Rc2 d5 31. cxd5 cxd5 32. Nd1 Ba6 33. Ne3 Bxf1 34. Nxf1 e3 35. Nxe3 Nxe3 36. Qxe3 Rg3 37. Qe5 1-0

[Event "57.SMM B CSK Merania 2-Team Sparkasse"]
[Site "?"]
[Date "2025.12.13"]
[Round "4.3"]
[White "Stivaletta, Andrea"]
[Black "Somvi, Julian"]
[Result "1-0"]
[WhiteElo "1726"]
[BlackElo "1712"]
[PlyCount "52"]
[EventDate "2025.11.15"]
[SourceVersionDate "2024.11.03"]

{[%evp 0,52,26,24,24,6,6,6,44,9,33,21,20,20,20,29,33,34,42,43,135,126,131,57,64,19,17,49,32,18,70,57,263,251,281,276,300,300,306,461,512,365,360,417,29985,29986,29987,29990,29991,928,1053,1148,1504,29984,29995]} 1. e4 e5 2. Nf3 Nc6 3. Bc4 Be7 4. O-O Nf6 5. d3 O-O 6. Nc3 d6 7. a3 Bg4 8. h3 Bh5 9. g4 Nxg4 10. hxg4 Bxg4 11. Be3 Qd7 12. Nb1 Bh3 13. Kh2 Bxf1 14. Qxf1 Qg4 15. Qh3 Qg6 16. Nc3 h5 17. Rg1 Qh7 18. Nd5 Bd8 19. Ng5 Qh8 20. Qd7 Bxg5 21. Bxg5 Nd4 22. Nf6+ gxf6 23. Bxf6+ Kh7 24. Bxh8 Nf3+ 25. Kh1 Nxg1 26. Bf6 Kg6 1-0

[Event "57.SMM B CSK Merania 2-Team Sparkasse"]
[Site "?"]
[Date "2025.12.13"]
[Round "4.4"]
[White "Ceplinschi, Marco"]
[Black "Damioli, Alexander"]
[Result "1-0"]
[WhiteElo "1637"]
[BlackElo "1400"]
[PlyCount "66"]
[EventDate "2025.11.15"]
[SourceVersionDate "2024.11.03"]

{[%evp 0,66,29,-23,-17,-12,-5,-45,32,-1,10,10,-13,-3,-3,-11,-10,-10,20,-6,14,15,7,-1,0,3,34,26,55,54,77,60,88,63,64,58,73,75,198,67,54,51,89,64,67,60,52,58,103,103,111,126,143,135,118,92,81,12,74,74,74,69,830,886,786,29992,29993,29992,29993]} 1. c3 e5 2. d4 exd4 3. Qxd4 Qf6 4. Qe4+ Qe7 5. Qxe7+ Bxe7 6. Nf3 Nf6 7. Bg5 d6 8. Nbd2 Bg4 9. e3 a6 10. Bd3 h6 11. Bh4 Nc6 12. h3 Bxf3 13. Nxf3 Nh7 14. Bg3 Ng5 15. Nd4 Nxd4 16. cxd4 O-O 17. Rc1 Rac8 18. O-O Nh7 19. b3 c6 20. e4 c5 21. e5 dxe5 22. dxe5 Ng5 23. f4 Ne6 24. f5 Nd4 25. f6 gxf6 26. exf6 Bd8 27. Bd6 Re8 28. Rf4 Ne6 29. Rg4+ Kh8 30. Rf1 Bxf6 31. Rxf6 Ng7 32. Rxh6+ Kg8 33. Bh7+ Kh8 1-0

[Event "57.SMM B Brixen/Milland 2-Kaltern/Tr 2"]
[Site "?"]
[Date "2025.12.13"]
[Round "4.1"]
[White "Unterkofler, Alex"]
[Black "Bardhi, Marjo"]
[Result "1-0"]
[WhiteElo "1869"]
[BlackElo "1692"]
[PlyCount "107"]
[EventDate "2025.??.??"]

{[%evp 0,107,34,34,52,6,27,-25,-10,-10,50,50,62,39,36,32,19,5,45,56,-4,-23,5,-23,-6,-15,4,-46,-38,-66,-39,-51,96,105,133,127,142,87,97,100,121,107,123,117,120,120,200,218,218,218,287,281,322,220,395,305,305,313,319,323,319,317,420,337,410,400,391,386,390,409,441,441,471,474,474,480,495,494,517,526,526,599,597,612,625,597,614,993,1165,1194,1195,1195,1204,1215,1498,29978,29983,29980,29981,1396,2158,2294,2777,28894,29983,29974,29979,29982,29983,29974]} 1. e4 c5 2. c3 d5 3. exd5 Qxd5 4. d4 g6 5. Nf3 Bg7 6. Be2 Nf6 7. O-O O-O 8. Re1 Nc6 9. c4 Qd6 10. d5 Nd4 11. Nxd4 cxd4 12. Nd2 e6 13. dxe6 Bxe6 14. Bd3 Rac8 15. b3 Rc5 16. Ba3 Rfc8 17. Bxc5 Rxc5 18. Ne4 Nxe4 19. Rxe4 Rh5 20. g3 Bd7 21. Qc2 Bc6 22. Re2 Bf3 23. Re8+ Bf8 24. Be2 Qc6 25. Bxf3 Qxf3 26. Qe4 Rf5 27. Qxf3 Rxf3 28. Rd1 Kg7 29. Rxd4 Bc5 30. Rd2 g5 31. Kg2 g4 32. Re4 f5 33. Rf4 Rxf4 34. gxf4 h5 35. Rd5 b6 36. Rxf5 Kg6 37. Rd5 a5 38. f3 gxf3+ 39. Kxf3 Be7 40. Re5 Bc5 41. h4 Bd4 42. Rd5 Bc5 43. Rxc5 bxc5 44. Ke4 Kf6 45. f5 Kf7 46. Ke5 Ke7 47. f6+ Kf8 48. Kf5 Kf7 49. Kg5 Kg8 50. Kxh5 Kh7 51. Kg5 Kh8 52. Kf5 Kg8 53. Ke6 Kf8 54. h5 {*} 1-0

[Event "57.SMM B Gröden 2-ASD Arci BZ 3"]
[Site "?"]
[Date "2025.12.13"]
[Round "4.3"]
[White "D'Ambrosio, Luca"]
[Black "Kasslatter, Matthias"]
[Result "0-1"]
[WhiteElo "1849"]
[BlackElo "1761"]
[PlyCount "60"]
[EventDate "8.??.??"]
[SourceVersionDate "2025.12.14"]

1. d4 d5 2. c4 e6 3. Nf3 Nf6 4. Bg5 Be7 5. Nc3 O-O 6. e3 dxc4 7. Bxc4 Nc6 8. O-O a6 9. Rc1 Re8 10. a3 Nd5 11. Bxe7 Rxe7 12. b4 Nxc3 13. Rxc3 Rd7 14. Qc2 Rd6 15. Rc1 Ne7 16. Bd3 Nd5 17. Rc4 f5 18. e4 b5 19. Rc5 fxe4 20. Bxe4 h6 21. Ne5 Bb7 22. Bh7+ Kf8 23. Qe4 Rb8 24. Nc6 Bxc6 25. Rxc6 Nf6 26. Qc2 Nxh7 27. Qxh7 Rxc6 28. Rxc6 Qxd4 29. Qh8+ Kf7 30. Rxc7+ Kg6 0-1

[Event "57.SMM B Sterzing/Ridnaun-Naturns"]
[Site "?"]
[Date "2025.12.13"]
[Round "4.4"]
[White "Sparber, Werner"]
[Black "Gurschler, Thomas"]
[Result "0-1"]
[WhiteElo "1844"]
[BlackElo "1904"]
[PlyCount "124"]
[EventDate "2025.??.??"]

{[%evp 0,124,32,27,83,37,49,27,30,32,43,30,49,25,72,70,98,35,35,15,35,6,-9,-30,-13,-13,-5,-20,32,8,14,-2,22,-16,-16,-18,4,1,-7,16,55,-8,57,21,50,33,375,391,567,612,607,309,314,295,355,311,322,297,300,149,188,188,188,186,154,132,132,58,72,38,65,100,123,97,113,0,0,0,21,27,9,-69,-76,-85,-162,-182,-181,-188,-191,-183,-175,-224,-209,-237,-240,-278,-268,-290,-284,-300,-325,-337,-337,-357,-366,-384,-384,-411,-421,-419,-473,-489,-499,-507,-454,-454,-476,-501,-505,-538,-549,-564,-644,-644,-675,-1002,-713]} 1. d4 g6 2. c4 Bg7 3. Nc3 d6 4. e4 Nc6 5. Nf3 e5 6. d5 Nce7 7. Bd3 f5 8. Qc2 Nf6 9. Bd2 a6 10. Ng5 O-O 11. O-O-O fxe4 12. Ncxe4 Nxe4 13. Nxe4 b5 14. Bg5 bxc4 15. Bxc4 Qe8 16. Bxe7 Qxe7 17. f3 Bd7 18. h4 Bh6+ 19. Kb1 Rfb8 20. g4 Rb6 21. Bb3 Rab8 22. Qxc7 a5 23. Qxd7 Qf8 24. Qe6+ Kh8 25. Qf6+ Qxf6 26. Nxf6 Rb4 27. g5 Bg7 28. Ne4 a4 29. Rd3 axb3 30. Rxb3 Rxb3 31. axb3 Rxb3 32. Rf1 Rd3 33. Nc3 Rd4 34. Rh1 Kg8 35. Kc2 Kf7 36. b3 h5 37. Ne4 Rxd5 38. b4 Ke6 39. Ra1 Bf8 40. Nc3 Rd4 41. Rb1 d5 42. b5 Rxh4 43. b6 Rb4 44. Rxb4 Bxb4 45. Nb5 Bd6 46. Kd3 Kd7 47. b7 Bb8 48. Ke2 Kc6 49. Nc3 d4 50. Ne4 Kxb7 51. Kd3 Kc6 52. Nf6 Kd6 53. Ke4 Ke6 54. Kd3 Kf5 55. Ne4 Kf4 56. Ke2 Ba7 57. Nf2 Kxg5 58. Nd3 Kf5 59. Kf2 e4 60. fxe4+ Kxe4 61. Ke2 g5 62. Ne1 Bb8 0-1